Sale el sol y ocho cuentos más /
Gespeichert in:
| 1. Verfasser: | |
|---|---|
| Weitere Verfasser: | |
| Format: | Elektronisch E-Book |
| Sprache: | Spanisch |
| Veröffentlicht: |
Madrid :
Calambur Editorial,
1999.
|
| Schlagworte: | |
| Online-Zugang: | Digitalia Hispánica |
| Tags: |
Tag hinzufügen
Keine Tags, Fügen Sie den ersten Tag hinzu!
|
MARC
| LEADER | 00000nam a2200000Ii 4500 | ||
|---|---|---|---|
| 001 | DIGCALAM203 | ||
| 003 | NyNyDIG | ||
| 007 | cr ||||||||||| | ||
| 008 | 220520s1999 sp o 000 j spa d | ||
| 006 | m o d | ||
| 035 | |a (OCoLC)1335136698 | ||
| 040 | |a DGITA |b eng |e rda |e pn |c DGITA | ||
| 020 | |a 9788488015471 |q eBook |q pdf | ||
| 020 | |z 848801547x | ||
| 050 | 1 | 4 | |a PZ5 ebook |
| 100 | 1 | |a Trulock, Jorge C., |d 1932- |e author. | |
| 245 | 1 | 0 | |a Sale el sol y ocho cuentos más / |c Jorge Cela Trulock ; prólogo de Francisco Umbral. |
| 264 | 1 | |a Madrid : |b Calambur Editorial, |c 1999. | |
| 300 | |a 1 online resource. | ||
| 336 | |a text |b txt |2 rdacontent | ||
| 337 | |a computer |b c |2 rdamedia | ||
| 338 | |a online resource |b cr |2 rdacarrier | ||
| 347 | |a text file |2 rdaft | ||
| 347 | |b PDF | ||
| 588 | 0 | |a Online resource; title from PDF title page (Digitalia, viewed May 20, 2022) | |
| 655 | 7 | |a Short stories. |2 lcgft | |
| 700 | 1 | |a Umbral, Francisco, |c ontributor agent of text. | |
| 655 | 0 | |a Electronic books. | |
| 791 | 2 | |a Digitalia (Firm), |e distributor. | |
| 793 | 0 | |g Digitalia eBook Collection: |a Calambur Editorial | |
| 776 | 0 | 8 | |i Print version: |a Trulock, Jorge C., 1932- |t Sale el sol y ocho cuentos más. |b Primera edición. |d Madrid : Calambur Editorial, 1999 |z 848801547x |
| 856 | 4 | 0 | |3 Digitalia Hispánica |u https://digitalia.unach.elogim.com/a/110337/ |
| 910 | |a Premium collection: 2022 | ||